Cántrabos, astures y galaicos (Record no. 104611)

MARC details
000 -LEADER
campo de control de longitud fija 00792nam a2200181 i 4500
001 - NÚMERO DE CONTROL
campo de control 104611
003 - IDENTIFICADOR DE NÚMERO DE CONTROL
campo de control ES-MaACL
005 - FECHA Y HORA DE LA ÚLTIMA TRANSACCIÓN
campo de control 20230906183640.0
007 - CAMPO FIJO DE DESCRIPCIÓN FÍSICA--INFORMACIÓN GENERAL
campo de control de longitud fija t|
008 - DATOS DE LONGITUD FIJA--INFORMACIÓN GENERAL
campo de control de longitud fija 051202s1982 sp a |||| | spa d
110 1# - ENTRADA PRINCIPAL--NOMBRE DE ENTIDAD CORPORATIVA
Nombre de entidad corporativa o nombre de jurisdicción como elemento de entrada España.
Unidad subordinada Dirección General de Bellas Artes, Archivos y Bibliotecas.
9 (RLIN) 3705
245 10 - MENCIÓN DEL TÍTULO
Título Cántrabos, astures y galaicos
Resto del título : Bimilenario de la conquista romana del norte de Hispania /
Mención de responsabilidad, etc. Ministerio de Cultura, Dirección General de Bellas Artes, Archivos y Bibliotecas.
260 ## - PUBLICACIÓN, DISTRIBUCIÓN, ETC.
Lugar de publicación, distribución, etc. Madrid :
Nombre del editor, distribuidor, etc. Ministerio de Cultura,
Fecha de publicación, distribución, etc. 1982.
300 ## - DESCRIPCIÓN FÍSICA
Extensión 96 p. :
Otras características físicas il. col. y n. ;
Dimensiones 24 cm.
651 #4 - PUNTO DE ACCESO ADICIONAL DE MATERIA--NOMBRE GEOGRÁFICO
Nombre geográfico España-
Subdivisión general Historia-
Subdivisión cronológica Hasta 218 a.C., Época prerromana.
9 (RLIN) 162090
711 2# - ENTRADA AGREGADA--NOMBRE DE REUNIÓN
Nombre de congreso/reunión o jurisdicción como elemento de entrada Bimilenario de la conquista romana del norte de Hispania (
Sede del congreso/Lugar de la reunión Madrid)
9 (RLIN) 50
852 ## - LOCALIZACIÓN
Ubicación ES-MaACL
Número de control de estantería L-3823
Holdings
Estatus retirado Estado de pérdida Estado de daño No para préstamo Biblioteca de origen Biblioteca actual Ubicación en estantería Fecha de adquisición Fuente de adquisición Total de préstamos Signatura topográfica completa Código de barras Visto por última vez Precio de reemplazo Tipo de ítem Koha
        Biblioteca del Ateneo de Madrid Biblioteca del Ateneo de Madrid Depósito 2 17/01/2008     L-3823 1109218 23/02/2023 23/02/2023 Libro impreso